(Record no. 184825)
[ view plain ]
| 000 -CABECERA | |
|---|---|
| campo de control de longitud fija | 00741nam a2200157Ia 4500 |
| 001 - NÚMERO DE CONTROL | |
| campo de control | IA_5212,05/10/2013,05/10/2013,5232272013 mx aenl8222223322spa16," |
| 008 - DATOS DE LONGITUD FIJA--INFORMACIÓN GENERAL | |
| campo de control de longitud fija | 220117s xx 000 0 und d |
| 010 ## - NÚMERO DE CONTROL DE LA BIBLIOTECA DEL CONGRESO | |
| Número de control de LC | 184825 |
| 090 ## - LOCALMENTE ASIGNADO TIPO-LC NÚMERO DE CLASIFICACIÓN (OCLC); NÚMERO DE CLASIFICACIÓN LOCAL (RLIN) | |
| Número de clasificación (OCLC) (R) ; Numero de clasificación, CALL (RLIN) (NR) | Tesis H47 2013 |
| 100 ## - ENTRADA PRINCIPAL--NOMBRE DE PERSONA | |
| Nombre de persona | Hernández Hernández |
| 9 (RLIN) | 155040 |
| 504 ## - NOTA DE BIBLIOGRAFÍA, ETC. | |
| Nota de bibliografía, etc. | Bibliografía: h. 41 |
| 505 ## - NOTA DE CONTENIDO CON FORMATO | |
| Nota de contenido con formato | 2 Planos \ 1. Área operativa (a) y área administrativa (b) \ 2. Planta de centro |
| 520 ## - SUMARIO, ETC. | |
| Sumario, etc. | El presente documento integra los resultados obtenidos durante la realización de la Estancia Preprofesional dentro del Centro de Valor Agregado (CVA) Lagos de Moreno A. C. |
No items available.
